| 000 | 00321 a2200133 4500 | ||
|---|---|---|---|
| 001 | 86533 | ||
| 082 | _a398.2 LOK | ||
| 090 |
_c40708 _d40708 |
||
| 100 | _aNustrat Fateh Ali | ||
| 245 | _aHeritage & Folklore GM-22 (Only DVD) | ||
| 250 | _aV-II | ||
| 260 |
_aIslamabad _bLok Virsa Islamabad _c2012 |
||
| 500 | _aLok Virsa | ||
| 942 |
_aCAENUST _k398.2 LOK |
||
| 999 |
_c321606 _d321606 |
||